Understanding impoverishment : (Record no. 191143)
[ view plain ]
| 000 -LEADER | |
|---|---|
| fixed length control field | 01199cam a2200301 a 4500 |
| 001 - CONTROL NUMBER | |
| control field | 000513904 |
| 003 - CONTROL NUMBER IDENTIFIER | |
| control field | AM-YeHGA |
| 005 - DATE AND TIME OF LATEST TRANSACTION | |
| control field | 20250617134949.0 |
| 008 - FIXED-LENGTH DATA ELEMENTS--GENERAL INFORMATION | |
| fixed length control field | 960105s1996 riuab||||b||||100|0|eng|d |
| 020 ## - INTERNATIONAL STANDARD BOOK NUMBER | |
| International Standard Book Number | 1571819274 (paper : alk. paper) |
| 020 ## - INTERNATIONAL STANDARD BOOK NUMBER | |
| International Standard Book Number | 1571819169 (cloth : alk. paper) |
| 040 ## - CATALOGING SOURCE | |
| Original cataloging agency | AM-YeHGA |
| 041 0# - LANGUAGE CODE | |
| Language code of text/sound track or separate title | eng |
| 043 ## - GEOGRAPHIC AREA CODE | |
| Geographic area code | d------ |
| 090 ## - LOCALLY ASSIGNED LC-TYPE CALL NUMBER (OCLC); LOCAL CALL NUMBER (RLIN) | |
| -- | 192613 |
| 245 00 - TITLE STATEMENT | |
| Title | Understanding impoverishment : |
| Remainder of title | The consequences of development-induced displacement / |
| Statement of responsibility, etc. | Ed. by Christopher McDowell. |
| 260 ## - PUBLICATION, DISTRIBUTION, ETC. | |
| Place of publication, distribution, etc. | Providence, RI : |
| Name of publisher, distributor, etc. | Berghahn Books, |
| Date of publication, distribution, etc. | 1996. |
| 300 ## - PHYSICAL DESCRIPTION | |
| Extent | ix, 257 p. : |
| Other physical details | ill., maps ; |
| Dimensions | 22 cm. |
| 490 1# - SERIES STATEMENT | |
| Series statement | Refugee and Forced Migration Studies / Gen. eds.: Barbara Harrell-Bond, Roger Zetter |
| Volume/sequential designation | Vol. 2 |
| 504 ## - BIBLIOGRAPHY, ETC. NOTE | |
| Bibliography, etc. note | Includes bibliogr. references (p. 233-252) and index. |
| 650 #0 - SUBJECT ADDED ENTRY--TOPICAL TERM | |
| Topical term or geographic name entry element | Forced migration |
| Geographic subdivision | Developing countries |
| General subdivision | Congresses. |
| 650 #0 - SUBJECT ADDED ENTRY--TOPICAL TERM | |
| Topical term or geographic name entry element | Economic development |
| General subdivision | Social aspects |
| -- | Congresses. |
| 650 #0 - SUBJECT ADDED ENTRY--TOPICAL TERM | |
| Topical term or geographic name entry element | Poverty |
| Geographic subdivision | Developing countries |
| General subdivision | Congresses. |
| 650 #0 - SUBJECT ADDED ENTRY--TOPICAL TERM | |
| Topical term or geographic name entry element | Refugees |
| Geographic subdivision | Developing countries |
| General subdivision | Congresses. |
| 651 #0 - SUBJECT ADDED ENTRY--GEOGRAPHIC NAME | |
| Geographic name | Developing countries |
| General subdivision | Population |
| -- | Congresses. |
| 700 1# - ADDED ENTRY--PERSONAL NAME | |
| Personal name | McDowell, Chris. |
| 830 #0 - SERIES ADDED ENTRY--UNIFORM TITLE | |
| Uniform title | Refugee and Forced Migration Studies |
| Volume/sequential designation | Vol. 2 |
| Withdrawn status | Lost status | Damaged status | Not for loan | Collection | Home library | Current library | Date acquired | Total checkouts | Full call number | Barcode | Date last seen | Price effective from | Koha item type | Public note |
|---|---|---|---|---|---|---|---|---|---|---|---|---|---|---|
| General | Fundamental Scientific Library | Fundamental Scientific Library | 28/12/2016 | И 2/113199 | 320113199 | 28/12/2016 | 28/12/2016 | Գրքեր / Books | 30 Days Loan |
ՀՀ Գիտությունների ազգային ակադեմիայի հիմնարար գիտական գրադարան = Fundamental Scientific Library of NAS RA
All site content, except where otherwise noted, is licensed under a